| 000 | 00355nam a2200145Ia 4500 | ||
|---|---|---|---|
| 008 | 150201s2009 xx 000 0 und d | ||
| 082 |
_a615.8 _bA2009B |
||
| 100 | _aBOBATH,BERTA | ||
| 245 | _aADULT HEMIPLEGIA : EVALUATION & TREATMENT | ||
| 250 | _a3RD | ||
| 260 |
_bELSEVIER _aDELHI _c2009 |
||
| 300 | _a1-190 | ||
| 650 | _aORTHOPEDICS | ||
| 942 |
_2ddc _cBK |
||
| 999 |
_c4455 _d4455 |
||